000 00918nam a2200229Ia 4500
003 Ost
005 20260507075407.0
008 260507s9999||||xx |||||||||||||| ||und||
040 _cfsecg
041 _aara
082 _a330
100 _aقابل، محمد صفوت
_eمؤلف
245 0 _aالإقتصاد المصري قضايا ومشكلات /
_c محمد صفوت قابل
260 _a[دون مكان]:
_b[دون ناشر],
_c2008
300 _a325 صفحة؛
_bإيضاحات ؛
_c24 سم
520 _aيضم الإقتصاد المصري، نهر النيل والخلاف حول حصة مصر من ماهية ، السياسات الإقتصادية ، الإصلاح الإقتصادي
653 _aالإقتصاد
653 _aالتخطيط الإقتصادي- مصر
653 _aالسياسة الإقتصادية- مصر
653 _aمصر- الإقتصاد
942 _cكتاب
999 _c44328
_d44328